00714nam a2200241 a 4500001001300000003000900013005001700022008004100039020001000080082001600090100002500106245005000131260004800181300000900229500003500238505001000273650004000283700002500323902000800348942000700356952009600363999001300459nice12345678IN_TiNIC20260116011311.0050524s1914 cama grp 000 0 eng  ac15000a221.13bSWE aSwete, Henry Barclay aAn Introduction to the Old Testament in Greek aCambridgebCambridge University Pressc1914 a626p aincludes index and biblioraphy2 aIndex aBible O.T. Criticism & Interpretati1 aSwete, Henry Barclay bSRS cBK 00104070aHMIbHMId2008-05-22g150.00l0o221.13 SWEp1766r2008-05-22w2026-01-16yARB c308d308